00455nam a2200157Ia 4500008004100000020001800041082001700059100004200076245006400118250000800182260003500190300002300225500001900248600001500267650001500282240925s9999 xx 000 0 und d a9780071254380 a658.1141 TIM aTimmons, Jeffry A.; Spinelli, Stephen 0aNew Venture Creation: Entrepreneurship for the 21st Century a7th aNew York:bMcGraw-Hillc,2007. a615p.b0fOriginal aIncludes Index aManagement aManagement